Responses for Show #1134 - Thursday, July 6, 1989

Contestants

[<< previous game]

Jack Turner, a college professor from Arcata, California

Paul Samuels, an attorney originally from Chicago, Illinois

Carol Davidson, a commercial insurance writer from Simi Valley, California (whose 1-day cash winnings total $300)

[next game >>]

Jeopardy! Round responses

PEOPLE
ADS & COMMERCIALS
AMERICAN CITIES
ICE SKATING
ANAGRAMS
(Alex: For the first time this year, and I believe in any of our five years on the air...)
SHEEP
    $100 9
Bess Myerson

Jack
    $100 3
St. Petersburg

Jack
    $100 1
Jojo Starbuck

Carol
    $100 13
lemon

Jack
    $100 17
its milk

Paul
    $200 10
space

Carol
    $200 4
Wichita

Jack
    $200 2
(Carol: What is the ball of the foot?)

the blade

CarolPaul
    $200 14
an oracle

Carol
    $200 18
Marco Polo

Carol
    $300 20
Robert Redford

Paul
    $300 23
Visa

Carol
    $300 5
Huntsville

Carol
    $300 6
Randy Gardner

Paul
    $300 15
lance

Triple Stumper
    $300 21
Modern Times

Paul
    $400 24
snoring

Carol
    $400 7
Hannibal

Jack
    $400 11
a jump

Carol
    $400 16
a lime

Paul
    $800 22
(Paul: What is Lambkins?)
(Alex: Oh, gosh, you were so close. It's Shari Lewis' [*], not Lambkins. We've got less than a minute to go.)

Lamb Chop

Paul
    $500 25
Brigitte Bardot

Jack
    $500 8
Dayton

Jack
    $500 12
school figures

Carol
    $500 19
William Shakespeare

Triple Stumper
    $500 26
(Jack: What is hoodwink?)
(Paul: What is shear?)
[The end-of-round signal sounds.]

fleece

PaulJack
Triple Stumper

Scores at the first commercial break (after clue 14):

Carol Paul Jack
$1,500 $500 $1,400

Scores at the end of the Jeopardy! Round:

Carol Paul Jack
$2,400 $300 $1,400

Double Jeopardy! Round responses

WOMEN IN HISTORY
ART
AMERICAN AUTHORS
RELIGION
THE MOVIES
GEORGE BUSH
    $200 1
the Revolutionary War

Jack
    $200 4
Paris

Paul
    $200 13
Herman Melville

Jack
    $200 24
China

Carol
    $200 8
Hawaii

Paul
    $200 7
Barbara

Carol
    $400 2
silk

Paul
    $400 22
the Sistine Chapel

Paul
    $400 14
Leon Uris

Paul
    $2,000 25
(Alex: And we've got one minute left in the round.)

Jerry Falwell

Carol
    $400 9
Ben-Hur

Carol
    $400 15
Representative (Congressman)

Jack
    $600 3
Phyllis Schlafly

Jack
    $600 23
Grandma Moses

Carol
    $600 16
F. Scott Fitzgerald

Paul
    $600 26
Judaism

Paul
    $600 10
John Malkovich

Paul
    $600 17
the CIA

Paul
    $800 5
Lady Jane Grey

Paul
    $800 27
scrimshaw

Jack
    $800 20
Henry Adams

Paul
    $800 29
jihad

Paul
    $800 11
A Little Night Music

Paul
    $800 18
Yale

Paul
    $1,000 6
(Paul: Um, who was the woman who founded the Girl Scouts of America?)
[Laughter]
(Alex: We need a name.)
(Paul: Um, who is, uh, Joan Collins?)
[Laughter]
(Alex: Close.)

Juliette Gordon Low

Paul
    $1000 28
Belgium

Jack
    $1000 21
Henry James

Paul
    $1000 30
(Paul: What are the Jesuits?)

the Dominicans

Paul
Triple Stumper
    $1000 12
Nosferatu

Jack
    $1000 19
(Paul: What's Connecticut?)
(Jack: What's New Hampshire?)

Massachusetts

PaulJack
Triple Stumper

Scores at the end of the Double Jeopardy! Round:

Carol Paul Jack
$5,800 $6,300 $4,600

[wagering suggestions for these scores]

Final Jeopardy! Round responses

MUSICAL INSTRUMENTS
JackWhat is ocarina
$4,600
CarolWhat is harmonica?
$4,200
PaulWhat is a flute?
$5,301
harmonica

Final scores:

Carol Paul Jack
$10,000 $999 $0
2-day champion: $10,300 2nd place: a Caribbean cruise from St. Martin to the Bahamas 3rd place: Bob Mitchell Designs wall coverings

Game dynamics:

Coryat scores:

Carol Paul Jack
$4,200 $8,100 $4,600
14 R
(including 1 DD),
1 W
21 R,
5 W
(including 2 DDs)
14 R,
2 W

Combined Coryat: $16,900

[game clues] [game scores] [suggest correction]

Game tape date: 1989-02-21
The J! Archive is created by fans, for fans. Scraping, republication, monetization, and malicious use prohibited; this site may use cookies and collect identifying information. See terms. The Jeopardy! game show and all elements thereof, including but not limited to copyright and trademark thereto, are the property of Jeopardy Productions, Inc. and are protected under law. This website is not affiliated with, sponsored by, or operated by Jeopardy Productions, Inc. Join the discussion at JBoard.tv.